| 000 | 00903nam a22002297a 4500 | ||
|---|---|---|---|
| 005 | 20100813115918.0 | ||
| 010 | _aENG-100327 | ||
| 020 | _c360.00 | ||
| 035 | _aEN-83859 | ||
| 037 | _bDBAD/PUB | ||
| 082 | _a342.540853 | ||
| 245 |
_aJudgments on right to information 2005 / _cediter by Shanti Ranjan Behera |
||
| 260 |
_aBhubaneswar _bCentre for Democracy & Human Rights _c2009 |
||
| 270 |
_aMIG I, Block 4, Qr. No. $% (4#45), 2nd Floor, BDA Colony, PhaseI, Chandraskharpur, _bBhubaneswar _e751016 |
||
| 300 |
_a236p. _c24cm (Hb) |
||
| 500 | _aIncludes index | ||
| 650 |
_aFreedom of information _913100 |
||
| 650 |
_aGoverment information _913101 |
||
| 700 |
_913048 _aBehera, Shanti Ranjan |
||
| 942 |
_2ddc _cEN _h342.540853 _mJUD |
||
| 999 |
_c41809 _d41809 |
||